<?xml version="1.0" encoding="UTF-8"?>
<record
    xmlns:xsi="http://www.w3.org/2001/XMLSchema-instance"
    xsi:schemaLocation="http://www.loc.gov/MARC21/slim http://www.loc.gov/standards/marcxml/schema/MARC21slim.xsd"
    xmlns="http://www.loc.gov/MARC21/slim">

  <leader>00839nam a2200169Ia 4500</leader>
  <controlfield tag="008">121028s9999    xx            000 0 und d</controlfield>
  <datafield tag="020" ind1=" " ind2=" ">
    <subfield code="a">970-24-0478-9 (V.1) \ 968-439-886-7 (V.2)</subfield>
  </datafield>
  <datafield tag="050" ind1=" " ind2=" ">
    <subfield code="a">QD33 R36 2004</subfield>
  </datafield>
  <datafield tag="100" ind1=" " ind2=" ">
    <subfield code="a">RAM&#xCD;REZ REGALADO, V&#xED;ctor Manuel</subfield>
  </datafield>
  <datafield tag="245" ind1=" " ind2=" ">
    <subfield code="a">Qu&#xED;mica : para bachillerato general / V&#xED;ctor Manuel Ram&#xED;rez Delgado</subfield>
  </datafield>
  <datafield tag="260" ind1=" " ind2=" ">
    <subfield code="a">M&#xE9;xico : Cultural</subfield>
  </datafield>
  <datafield tag="300" ind1=" " ind2=" ">
    <subfield code="a">2 v.</subfield>
  </datafield>
  <datafield tag="440" ind1=" " ind2=" ">
    <subfield code="a">Ciencias naturales</subfield>
  </datafield>
  <datafield tag="500" ind1=" " ind2=" ">
    <subfield code="a">Incluyen &#xED;ndices, glosarios y bibliograf&#xED;as</subfield>
  </datafield>
  <datafield tag="505" ind1=" " ind2=" ">
    <subfield code="a">Presentaci&#xF3;n V.1 UNIDAD 1. OBJETO DE ESTUDIO DE LA QU&#xCD;MICA 1. La qu&#xED;mica: una ciencia interdisciplinaria 2. Materia 3. La energ&#xED;a 4. cambio o fen&#xF3;meno UNIDAD 2. ESTRUCTURA AT&#xD3;MICA Y TABLA PERI&#xD3;DICA 1. Primeras aproximaciones al modelo at&#xF3;mico actu</subfield>
  </datafield>
  <datafield tag="650" ind1=" " ind2=" ">
    <subfield code="a">Qu&#xED;mica - Estudio y ese&#xF1;anza \ 2. Qu&#xED;mica - Libros de texto&#xCC;</subfield>
  </datafield>
  <datafield tag="952" ind1=" " ind2=" ">
    <subfield code="0">0</subfield>
    <subfield code="1">0</subfield>
    <subfield code="4">0</subfield>
    <subfield code="7">0</subfield>
    <subfield code="a">14</subfield>
    <subfield code="b">14</subfield>
    <subfield code="d">2009-09-23</subfield>
    <subfield code="l">1</subfield>
    <subfield code="o">QD33 R36 2004</subfield>
    <subfield code="p">14 000127</subfield>
    <subfield code="r">2013-10-28</subfield>
    <subfield code="s">2013-10-26</subfield>
    <subfield code="t">1</subfield>
    <subfield code="w">2012-10-28</subfield>
    <subfield code="y">LB</subfield>
  </datafield>
  <datafield tag="999" ind1=" " ind2=" ">
    <subfield code="c">85175</subfield>
    <subfield code="d">85175</subfield>
  </datafield>
</record>
